000 00577nam a2200157 a 4500
001 000032672
005 20240228191604.0
008 110725s1896 dr r 000 0 spa d
040 _aDO-SdBNP
_bspa
_cBNPHU
082 _axxxx
_bLl791c
100 1 _aLlenas, Alejandro,
_d1844-1902
_9169
245 1 0 _aCuestión de límites con Haití :
_bel artículo 4 del trabajo de 1874 ante el derecho público internacional /
_cAlejandro Llenas.
260 _aSanto Domingo :
_bImprenta Cuna de América de J. R. Roques,
_c1896.
300 _a27 p. ;
_c23 cm.
590 _aInventariado, 2018/ YL
999 _c32163
_d32163